Brass and copper art wares of Delhi ed by Baldev Raj (Record no. 152442)

MARC details
000 -LEADER
fixed length control field 00783nam a2200265Ia 4500
003 - CONTROL NUMBER IDENTIFIER
control field OSt
005 - DATE AND TIME OF LATEST TRANSACTION
control field 20220918174253.0
008 - FIXED-LENGTH DATA ELEMENTS--GENERAL INFORMATION
fixed length control field 220917b |||||||| |||| 00| 0 eng d
037 ## - SOURCE OF ACQUISITION
Terms of availability Textual
040 ## - CATALOGING SOURCE
Original cataloging agency ARTS
Transcribing agency ARTS
Language of cataloging eng
041 ## - LANGUAGE CODE
Source of code eng
Language code of text/sound track or separate title eng
100 ## - MAIN ENTRY--PERSONAL NAME
Personal name Nautiyal K C.
9 (RLIN) 49763
245 #0 - TITLE STATEMENT
Title Brass and copper art wares of Delhi ed by Baldev Raj
260 ## - PUBLICATION, DISTRIBUTION, ETC.
Place of publication, distribution, etc. Delhi
Name of publisher, distributor, etc. Manager of Pub
Date of publication, distribution, etc. 1964
300 ## - PHYSICAL DESCRIPTION
Extent 206p plates,maps
Dimensions cm.
490 ## - SERIES STATEMENT
Series statement Gensus of India 1961xixpart v11 (1)
500 ## - GENERAL NOTE
General note Glossary of the native terms p189-205
650 ## - SUBJECT ADDED ENTRY--TOPICAL TERM
Topical term or geographic name entry element INDUSTRIAL ARTS
942 ## - ADDED ENTRY ELEMENTS (KOHA)
Classification part M4(E113).281.N6, K4
Koha item type Textual
Source of classification or shelving scheme Colon Classification (CC)
Holdings
Withdrawn status Lost status Damaged status Not for loan Home library Current library Date acquired Total Checkouts Full call number Barcode Date last seen Price effective from Koha item type
        Arts Library Arts Library 2022-09-18   M4(E113).281.N6 K4 AL0274882 2022-09-18 2022-09-18 Textual
Copyright @ Delhi University Library System